MARC

LEADER 00000nam0a2200000 4500
001 85333
005 20231031101009.0
035 |a (RuTPU)RU\TPU\book\91707 
090 |a 85333 
100 |a 20051112d1974 k y0rusy50 ca 
101 0 |a rus 
102 |a RU 
105 |a a z 001zy 
200 1 |a Состояние и тенденции развития приборов и методов масс-спектроскопического анализа колеблющихся ионов  |f Л. Н. Линник, К. И. Лобачев 
210 |a Москва  |c ЦНИИТЭИприборостроения  |d 1974 
215 |a 57 с.  |c ил. 
225 1 |a Обзорная информация 
225 1 |a ТС -4 "Аналитические приборы и приборы для научных исследований" 
320 |a Библиогр.: с. 56 
610 1 |a масс-спектральный анализ 
610 1 |a ионы 
610 1 |a приборы 
610 1 |a развитие 
610 1 |a состояние 
610 1 |a масс-спектрометры 
675 |a 621.384.8  |v 3 
700 1 |a Линник  |b Л. Н. 
701 1 |a Лобачев  |b К. И. 
702 1 |a Паншин  |b Б. Н.  |4 540 
801 1 |a RU  |b 63413507  |c 20051112  |g PSBO 
801 2 |a RU  |b 63413507  |c 20051115  |g PSBO 
942 |c BK